| 000 -LEADER |
| fixed length control field |
00538nam a2200169 4500 |
| 008 - FIXED-LENGTH DATA ELEMENTS--GENERAL INFORMATION |
| fixed length control field |
190905b ||||| |||| 00| 0 eng d |
| 100 ## - MAIN ENTRY--PERSONAL NAME |
| Personal name |
Hick, Rod |
| 245 ## - TITLE STATEMENT |
| Title |
Tax credits and in-work poverty in the UK: an analysis of income packages and anti-poverty performance |
| 260 ## - PUBLICATION, DISTRIBUTION, ETC. (IMPRINT) |
| Date of publication, distribution, etc |
2019 |
| 300 ## - PHYSICAL DESCRIPTION |
| Extent |
p.219-236. |
| 650 ## - SUBJECT ADDED ENTRY--TOPICAL TERM |
| Topical term or geographic name as entry element |
Tax credit - United Kingdom |
| 9 (RLIN) |
9749 |
| 650 ## - SUBJECT ADDED ENTRY--TOPICAL TERM |
| Topical term or geographic name as entry element |
Poverty |
| 9 (RLIN) |
9750 |
| 700 ## - ADDED ENTRY--PERSONAL NAME |
| Personal name |
Lanau, Alba |
| 9 (RLIN) |
9751 |
| 773 ## - HOST ITEM ENTRY |
| Main entry heading |
Social Policy and Society |
| 906 ## - LOCAL DATA ELEMENT F, LDF (RLIN) |
| Subject DIP |
Social security - United Kingdom |
| 942 ## - ADDED ENTRY ELEMENTS (KOHA) |
| Source of classification or shelving scheme |
|
| Item type |
Articles |